Russian Revolution - the Basics - - Statistics

General Stats
  • This quiz has been taken 1,005 times
    875 since last reset
  • The average score is 17 of 30
Answer Stats
Hint Answer % Correct
The Russian word for King Czar
78%
The first S in USSR Soviet
76%
The year of the Russian Revolution 1917
75%
He was the leader of Communist Russia (USSR aka Soviet Union) for decades Josef Stalin
74%
Which country suffered the most deaths from World War I? Russia
74%
The Communist Army was called the ____ Army Red
71%
Which war caused Russia to suffer great loss of life and economic hardship? WWI
70%
Author of Communist Manifesto Karl Marx
69%
First leader of communist Russia/Soviets- replaced by Stalin Lenin
69%
The scandalous mystic who had great influence on the Czar and his family Rasputin
68%
Lenins' first name Vladimir
66%
In 1917, Russians rioted over lack of _____ food
65%
The U in USSR Union
62%
Russia's name, under communist government USSR
62%
Economic system based on communal or government ownership of resources communism
60%
The last Monarch of Russia Czar Nicholas II
59%
The Czar's family (last) name Romanov
59%
The group of communist revolutionaries who led the Russian rebellion Bolsheviks
57%
Soviet leader- true to Marx's democratic communism- and was exiled by Stalin. Leon Trotsky
57%
The second S un USSR Socialist
57%
A widespread food shortage and starvation Famine
51%
Type of government in pre-revolutionary Russia monarchy
51%
Spelling of the word that is pronounced: boo - jwah - zee (or boour- jwah - zee) bourgeoisie
48%
the R in USSR Republics
45%
The whole working class (esp, the people laborers in physical or unskilled jobs) Proletariat
38%
Allegorical novel based on the Russian Revolution Animal Farm
34%
When the anti-communists try to remove the communist government (1918-20) Russian Civil War
32%
What the proletariat sells to make a living labor
14%
A story about real life, told through symbolism allegory
13%
The bourgeoisie social class (bosses & bankers & business owners) Middle
9%
No matching quizzes found
Score Distribution
Percent of People with Each Score
Percentile by Number Answered
Your Score History
You have not taken this quiz since the last reset